Liczby od 1 do 100 - Statystyki

Ogólne statystyki
  • Ten quiz został rozwiązany 803 razy
  • Średni wynik to 79 z 100
Statystyki odpowiedzi
# Liczba % Poprawnych
# 1
99%
# 2
98%
# 3
97%
# 4
97%
# 5
97%
# 7
97%
# 6
96%
# 8
96%
# 9
95%
# 10
93%
# 11
93%
# 12
91%
# 13
90%
# 14
89%
# 19
89%
# 21
89%
# 15
88%
# 16
88%
# 17
88%
# 18
88%
# 20
88%
# 22
88%
# 33
88%
# 23
87%
# 24
87%
# 29
87%
# 31
87%
# 32
87%
# 34
87%
# 26
86%
# 27
86%
# 30
86%
# 35
86%
# 41
86%
# 25
85%
# 28
85%
# 36
85%
# 37
85%
# 38
85%
# 39
85%
# 42
85%
# 45
85%
# 43
84%
# 46
84%
# 47
84%
# 40
83%
# 44
83%
# 49
83%
# 51
83%
# 48
82%
# 52
82%
# 50
81%
# 55
81%
# 53
80%
# 54
80%
# 56
80%
# 61
80%
# 57
79%
# 59
79%
# 58
78%
# 60
78%
# 62
78%
# 63
76%
# 64
76%
# 65
76%
# 67
76%
# 66
75%
# 71
75%
# 68
74%
# 69
74%
# 70
73%
# 72
72%
# 73
72%
# 74
72%
# 75
71%
# 76
71%
# 77
71%
# 78
70%
# 81
70%
# 79
69%
# 80
68%
# 82
68%
# 83
68%
# 84
66%
# 85
66%
# 86
66%
# 87
65%
# 88
65%
# 92
63%
# 90
62%
# 91
62%
# 89
61%
# 93
60%
# 94
60%
# 98
60%
# 95
59%
# 96
59%
# 99
59%
# 97
58%
# 100
57%
Nie znaleziono quizów pasujących do podanych kryteriów
Rozkład punktacji
Procent ludzi z każdym wynikiem
Percentyl według liczby udzielonych odpowiedzi
Twoja historia wyników
Nie rozwiązałeś tego quizu